000 00464nam a2200169Ia 4500
005 20250508163437.0
008 008 250505s9999 xx 000 0 eng d
037 _aBooks to be hide in OPAC
040 _aFEDL
_beng
_cFEDL
041 _aeng
_2eng
084 _a370.15, REP/O
_qFEDL
245 0 _aReport of the teaching of educational psychology
260 _c1963
300 _a156p.
942 _cHB
_h370.15, REP/O
999 _c1383277
_d1383277